000 00743nam a2200217 a 4500
001 000034758
005 20200930073902.0
008 111019s1981 sp 001 0 spa d
020 _a8420670197
040 _aDO-SdBNP
_bspa
_cBNPHU
082 _axxxx
_bS129n
100 1 _aSager, Peter
_960239
240 1 0 _aNever formen des realismus
_lAlemán
245 1 0 _aNuevas formas de realismo /
_cPeter Sager ; traductor Rosa Pilar Blanco Santos.
260 _aMadrid, :
_bAlinza Editorial,
_c1981.
300 _a264 p. :
_bil., retr. ;
_c23 cm.
504 _aBibliografía : p. [247] - 249
590 _aPerteneció a la biblioteca personal de Juan Isidro Jimenes Grullón
700 1 2 _aBlanco Santos, Rosa Pilar,
_etrad.
_960240
049 _aBNGR
999 _c34249
_d34249